El Duque de Gandía, el noble santo del primer imperio (Record no. 114720)

MARC details
000 -LEADER
campo de control de longitud fija 00659nam a2200193 i 4500
001 - NÚMERO DE CONTROL
campo de control 114720
003 - IDENTIFICADOR DE NÚMERO DE CONTROL
campo de control ES-MaACL
005 - FECHA Y HORA DE LA ÚLTIMA TRANSACCIÓN
campo de control 20250328063128.0
007 - CAMPO FIJO DE DESCRIPCIÓN FÍSICA--INFORMACIÓN GENERAL
campo de control de longitud fija t|
008 - DATOS DE LONGITUD FIJA--INFORMACIÓN GENERAL
campo de control de longitud fija 070322s1940 sp ||||1| spa d
080 ## - NÚMERO DE LA CLASIFICACIÓN DECIMAL UNIVERSAL
Número de la Clasificación Decimal Universal 929 Francisco de Borja, Santo
100 1# - ENTRADA PRINCIPAL--NOMBRE DE PERSONA
Nombre de persona Adro Xavier,
Fechas asociadas al nombre 1910-1998
9 (RLIN) 18481
245 13 - MENCIÓN DEL TÍTULO
Título El Duque de Gandía, el noble santo del primer imperio
Resto del título : apuntes históricos /
Mención de responsabilidad, etc. por Adro Xavier [seud.].
260 ## - PUBLICACIÓN, DISTRIBUCIÓN, ETC.
Lugar de publicación, distribución, etc. Madrid :
Nombre del editor, distribuidor, etc. Espasa Calpe,
Fecha de publicación, distribución, etc. 1940.
300 ## - DESCRIPCIÓN FÍSICA
Extensión 327 p., 13 lám. ;
Dimensiones 20 cm.
600 04 - PUNTO DE ACCESO ADICIONAL DE MATERIA--NOMBRE DE PERSONA
Nombre de persona Francisco de Borja
Títulos y otros términos asociados al nombre Santo-
Subdivisión general Biografías.
9 (RLIN) 52191
852 ## - LOCALIZACIÓN
Ubicación ES-MaACL
Número de control de estantería F-15222
Sublocalización o colección R.18891
Holdings
Estatus retirado Estado de pérdida Estado de daño No para préstamo Biblioteca de origen Biblioteca actual Ubicación en estantería Fecha de adquisición Fuente de adquisición Total de préstamos Signatura topográfica completa Código de barras Visto por última vez Precio de reemplazo Tipo de ítem Koha
        Biblioteca del Ateneo de Madrid Biblioteca del Ateneo de Madrid Sala Pecera Planta 2 17/01/2008     F-15222 1119632 23/02/2023 23/02/2023 Libro impreso